Film dont le titre commence par un V (2) - Statistiques

Statistiques générales
  • Ce quiz a été pris 5 fois
  • Le résultat moyen est 5 sur 30
Statistiques - réponses
Année Réalisateur Genre 1 acteur ou
1 actrice
Titre % Correct
1938 George Cukor Comédie dramatique Katherine Hepburn Vacances
50%
1955 David Lean Comédie dramatique Katherine Hepburn Vacances à Venise
50%
1991 Maurice Pialat Drame Jacques Dutronc Van Gogh
50%
1975 Milos Forman Drame psychologique Jack Nicholson Vol au-dessus d'un nid de coucou
50%
1950 Mel Ferrer Drame Hillary Brooke Vendetta
25%
1980 Sean Cunningham Horreur Kevin Bacon Vendredi 13
25%
1974 André Cayatte Drame psychologique Jean Gabin Verdict
25%
1951 Claude Heymann Drame psychologique Jean Gabin Victor
25%
1954 Richard Fleischer Aventures Kirk Douglas Vingt mille lieues sous les mers
25%
1978 Claude Chabrol Drame Isabelle Huppert Violette Nozière
25%
1952 Richard Pottier Musical Luis Mariano Violettes impériales
25%
1956 Julien Duvivier Drame Jean Gabin Voici le temps des assassins
25%
1977 Coluche Comédie Luis Rego Vous n'aurez pas l'Alsace et la Lorraine
25%
1954 Roberto Rossellini Comédie dramatique Ingrid Bergman Voyage en Italie
25%
1935 Jean Gremillon Comédie Henri Garat Valse royale
0%
2014 Mark Waters Fantastique Laurie Davidson Vampire academy
0%
1961 Roberto Rossellini Comédie dramatique Laurent Terzieff Vanina Vanini
0%
2000 Jacques Rivette Comédie dramatique Jeanne Balibar Va savoir
0%
1943 Jacques Tourneur Fantastique James Elison Vaudou
0%
1994 Ole Bornedal Comédie dramatique Kim Bodnia Veilleur de nuit
0%
1975 Orson Welles Comédie dramatique Joseph Cotten Vérités et mensonges
0%
1949 Robert Vernay Musical Jean Desailly Véronique
0%
1939 John Ford Western Henry Fonda Vers sa destinée
0%
1949 Mervyn LeRoy Comédie dramatique James Mason Ville haute ville basse
0%
2016 Julien Gaspar-Oliveri Drame Lucie Debay Villeperdue
0%
2014 Thomas Salvador Fantastique Ludovic Duckel Vincent n'a pas d'écailles
0%
2017 Jean-François Davy Comédie Léopold Bellanger Vive la crise
0%
2017 Hélène Fillières Comédie dramatique Lambert Wilson Volontaire
0%
1953 Charles Warren Aventures Joan Fontaine Vol sur Tanger
0%
1980 Robert Pouret Comédie Jean Reno Voulez-vous un bébé Nobel
0%
Aucun quiz correspondant
Distribution des résultats
% des personnes avec chaque résultat
Percentile par nombre de réponses
Votre historique - résultats
Vous n’avez pas pris ce quiz